[Event "XXXI Moglianoscacchi A"]
[Site "Mogliano Veneto ITA"]
[Date "2010.04.30"]
[Round "1"]
[White "Curtacci, Sergio"]
[Black "Aleksic, Nenad"]
[Result "0-1"]
[WhiteElo "1997"]
[BlackElo "2372"]
[PlyCount "130"]
[EventDate "2010.04.30"]

1. Nf3 Nf6 2. g3 b6 3. Bg2 Bb7 4. d3 e6 5. O-O d5 6. Nbd2 c5 7. c3 Nc6 8. Qc2
Be7 9. e4 Qc7 10. Re1 O-O 11. Nf1 dxe4 12. dxe4 Rad8 13. Bf4 Qc8 14. Rad1 Rxd1
15. Rxd1 Rd8 16. Rxd8+ Qxd8 17. N1d2 h6 18. h3 b5 19. Bf1 c4 20. a4 a6 21. axb5
axb5 22. b3 cxb3 23. Qxb3 b4 24. cxb4 Nxb4 25. Qb1 Qa8 26. Ne1 Nxe4 27. Nxe4
Bxe4 28. Qc1 Nd5 29. Bd2 Nf6 30. Bg2 Bxg2 31. Nxg2 Ne4 32. Be3 Bg5 33. h4 Bxe3
34. Qxe3 Qa1+ 35. Ne1 Nd6 36. Qd2 Nf5 37. Kg2 Nd4 38. Nf3 Nxf3 39. Kxf3 Qa8+
40. Ke2 Qa6+ 41. Kf3 Qc6+ 42. Ke2 Qc5 43. Kf3 f5 44. Qe3 Qd5+ 45. Ke2 e5 46.
Kf1 Kh7 47. Kg1 Kg6 48. Qb6+ Kh5 49. Qc7 g6 50. Qc2 Qf3 51. Qc7 e4 52. Qc5 Kg4
53. Kh2 f4 54. Qc8+ Kh5 55. Qc5+ g5 56. hxg5 fxg3+ 57. fxg3 hxg5 58. Qe5 Kg4
59. Qe6+ Qf5 60. Qa2 Kf3 61. Qg2+ Ke3 62. Kg1 Qf3 63. Qh3 Ke2 64. Qh2+ Ke1 65.
Qc2 Qf1+ 0-1

[Event "XXXI Moglianoscacchi A"]
[Site "Mogliano Veneto ITA"]
[Date "2010.04.30"]
[Round "1"]
[White "Franciosi, Fausto"]
[Black "Gromovs, Sergejs"]
[Result "0-1"]
[WhiteElo "1964"]
[BlackElo "2326"]
[PlyCount "38"]
[EventDate "2010.04.30"]

1. d4 Nf6 2. c4 e5 3. dxe5 Ng4 4. Nf3 Bc5 5. e3 Nc6 6. Nc3 Ngxe5 7. Be2 d6 8.
a3 a5 9. b3 O-O 10. Bb2 Nxf3+ 11. Bxf3 Ne5 12. Ne4 Ba7 13. Bxe5 dxe5 14. Qxd8
Rxd8 15. g4 f6 16. b4 Be6 17. Be2 axb4 18. axb4 Bc5 19. Rb1 Bxb4+ 0-1

[Event "XXXI Moglianoscacchi A"]
[Site "Mogliano Veneto ITA"]
[Date "2010.04.30"]
[Round "1"]
[White "Jurkovic, Ante"]
[Black "Lavric, Mihail"]
[Result "1-0"]
[WhiteElo "2330"]
[BlackElo "1965"]
[PlyCount "73"]
[EventDate "2010.04.30"]

1. e4 c5 2. Nf3 Nc6 3. d4 cxd4 4. Nxd4 Nf6 5. Nc3 e5 6. Ndb5 d6 7. Bg5 a6 8.
Na3 b5 9. Nd5 Be7 10. Bxf6 Bxf6 11. c3 Bg5 12. Nc2 O-O 13. h4 Bxh4 14. Qh5
Bxf2+ 15. Kxf2 h6 16. Nce3 Be6 17. Nf5 Bxf5 18. Qxf5 Qg5 19. Qxg5 hxg5 20. Be2
g6 21. Rh3 Kg7 22. Rah1 Rh8 23. Rxh8 Rxh8 24. Rxh8 Kxh8 25. Nc7 Nb8 26. Ne8 Nd7
27. Nxd6 Kg7 28. c4 b4 29. Nb7 f5 30. c5 Nb8 31. Na5 Nd7 32. c6 Nc5 33. exf5
gxf5 34. c7 Ne4+ 35. Ke1 Nd6 36. Bxa6 Kf6 37. Nc4 1-0

[Event "XXXI Moglianoscacchi A"]
[Site "Mogliano Veneto ITA"]
[Date "2010.04.30"]
[Round "1"]
[White "Kizov, Atanas"]
[Black "Gallana, Marco"]
[Result "1-0"]
[WhiteElo "2398"]
[BlackElo "2047"]
[PlyCount "63"]
[EventDate "2010.04.30"]

1. d4 Nf6 2. c4 g6 3. Nc3 d5 4. Bf4 Bg7 5. e3 c5 6. dxc5 Qa5 7. Rc1 dxc4 8.
Bxc4 Qxc5 9. Nb5 Qb4+ 10. Kf1 e5 11. Bxe5 O-O 12. Bd6 Qa5 13. b4 Qd8 14. Bxf8
Qxf8 15. Nc7 Nc6 16. Nxa8 Qxb4 17. Nf3 Qe7 18. Qb3 Ne4 19. Bd5 Bf5 20. Bxc6
bxc6 21. Ke2 Bg4 22. Rhd1 Qf6 23. h3 Bxf3+ 24. gxf3 Ng5 25. f4 Ne6 26. Qb8+ Nf8
27. Qc8 Qb2+ 28. Kf1 Bf6 29. Qxc6 Bh4 30. Rc2 Qa3 31. Qc7 Kg7 32. Qc3+ 1-0

[Event "XXXI Moglianoscacchi A"]
[Site "Mogliano Veneto ITA"]
[Date "2010.04.30"]
[Round "1"]
[White "Klundt, Klaus"]
[Black "Panican, Gheorghe"]
[Result "1-0"]
[WhiteElo "2353"]
[BlackElo "1985"]
[PlyCount "40"]
[EventDate "2010.04.30"]

1. e4 c5 2. Nf3 d6 3. d4 cxd4 4. Nxd4 Nf6 5. Nc3 a6 6. f4 e5 7. Nf3 Qc7 8. Bd3
Nbd7 9. O-O Be7 10. Kh1 O-O 11. Nh4 Nc5 12. fxe5 dxe5 13. Nf5 Bxf5 14. Rxf5
Nxd3 15. Qxd3 Rad8 16. Qe2 b5 17. Bg5 b4 18. Bxf6 bxc3 19. Bxe5 cxb2 20. Bxb2
Rc8 1-0

[Event "XXXI Moglianoscacchi A"]
[Site "Mogliano Veneto ITA"]
[Date "2010.04.30"]
[Round "1"]
[White "Meijers, Viesturs"]
[Black "Boscolo, Marco"]
[Result "1-0"]
[WhiteElo "2476"]
[BlackElo "2136"]
[PlyCount "53"]
[EventDate "2010.04.30"]

1. e4 e6 2. d3 d5 3. Nd2 Nf6 4. Ngf3 c5 5. g3 Nc6 6. Bg2 Be7 7. O-O O-O 8. c3
b5 9. Re1 a5 10. exd5 exd5 11. Nf1 h6 12. d4 c4 13. Ne5 Bb7 14. Ne3 Re8 15. a4
Qb6 16. N5g4 Na7 17. Nxf6+ Bxf6 18. Nxd5 Bxd5 19. Rxe8+ Rxe8 20. Bxd5 Qd6 21.
Bf3 b4 22. Bf4 Qb6 23. Bd5 Rd8 24. Qh5 Rd7 25. Re1 Qd8 26. Bxc4 Qc8 27. Bd3 1-0

[Event "XXXI Moglianoscacchi A"]
[Site "Mogliano Veneto ITA"]
[Date "2010.04.30"]
[Round "1"]
[White "Omeri, Silvan"]
[Black "Faini, Marco"]
[Result "1-0"]
[WhiteElo "2227"]
[BlackElo "1950"]
[PlyCount "96"]
[EventDate "2010.04.30"]

1. Nf3 Nf6 2. g3 d5 3. Bg2 e6 4. O-O Be7 5. c4 O-O 6. d4 Nbd7 7. c5 c6 8. Qc2
Re8 9. Bg5 Ne4 10. Bxe7 Qxe7 11. Nfd2 Nxd2 12. Nxd2 f5 13. f4 Nf6 14. Nf3 Qc7
15. Ne5 Nd7 16. Nf3 b6 17. b4 Bb7 18. a3 b5 19. Ng5 Nf6 20. Rab1 a5 21. Rb3 a4
22. Re3 Bc8 23. Bf3 h6 24. Nh3 Bd7 25. Re5 g6 26. Kh1 Kh7 27. Rg1 Rg8 28. g4 Ne4
29. e3 Qd8 30. g5 h5 31. Qe2 Kg7 32. Qe1 Rh8 33. Rg2 Qf8 34. Ng1 Qf7 35. Ne2
Raf8 36. Nc1 Re8 37. Rc2 Rc8 38. Nd3 Qf8 39. Kg2 Qf7 40. Be2 Qf8 41. Qc1 Qe7 42.
h3 Rb8 43. Qd2 Qd8 44. Rc1 Qc7 45. Rxe4 dxe4 46. Ne5 Be8 47. Qd1 Bf7 48. Kh1
48... Kf8 {...} 1-0

[Event "XXXI Moglianoscacchi A"]
[Site "Mogliano Veneto ITA"]
[Date "2010.04.30"]
[Round "1"]
[White "Quaranta, Cristiano"]
[Black "Isatto, Davide"]
[Result "1-0"]
[WhiteElo "2162"]
[BlackElo "1928"]
[PlyCount "86"]
[EventDate "2010.04.30"]

1. d4 d6 2. e4 g6 3. Nc3 Bg7 4. Be3 a6 5. a4 b6 6. Qd2 Bb7 7. Bd3 Nd7 8. f4 c5
9. Nf3 cxd4 10. Nxd4 Ngf6 11. Nb3 O-O 12. O-O Qc7 13. Qe2 Nc5 14. Nxc5 bxc5 15.
Bd2 Nd7 16. Rae1 Nb6 17. b3 Rfc8 18. Nd5 Bxd5 19. exd5 Bf6 20. Bxa6 Bd4+ 21.
Kh1 Rcb8 22. Ba5 Qa7 23. Bxb6 Qxa6 24. Qxa6 Rxa6 25. a5 Kf8 26. Rf3 Bb2 27. c3
Rbxb6 28. axb6 Rxb6 29. Rb1 Ra6 30. h3 Ba1 31. Kg1 Ra2 32. Kf1 h5 33. Rd3 Kg7
34. Re1 Kf6 35. Rde3 Ra3 36. Rb1 Ra2 37. b4 cxb4 38. cxb4 Bd4 39. Re2 Ra7 40.
b5 h4 41. Rc2 Kf5 42. Rb3 Kxf4 43. Rc4 Ke5 1-0

[Event "XXXI Moglianoscacchi A"]
[Site "Mogliano Veneto ITA"]
[Date "2010.04.30"]
[Round "1"]
[White "Rogulj, Branko"]
[Black "Milazzo, Mario"]
[Result "1-0"]
[WhiteElo "2431"]
[BlackElo "2082"]
[PlyCount "69"]
[EventDate "2010.04.30"]

1. e4 e5 2. Nf3 Nc6 3. Bb5 a6 4. Ba4 Nf6 5. O-O Be7 6. Re1 b5 7. Bb3 O-O 8. a4
Bb7 9. d3 d6 10. Bd2 Nb8 11. Na3 bxa4 12. Bxa4 Nbd7 13. b4 Nb6 14. Bb3 Nfd7 15.
Nc4 Nxc4 16. Bxc4 Kh8 17. Ra5 Nb6 18. Bb3 f5 19. exf5 Rxf5 20. Nd4 Rf6 21. Ne6
Qd7 22. Ng5 Qf5 23. f4 h6 24. Ne4 Rg6 25. Qe2 Nd7 26. Rf1 c5 27. Ng3 Qf8 28.
fxe5 Qc8 29. e6 Ne5 30. bxc5 Qc7 31. cxd6 Bxd6 32. Ra4 Bc6 33. Raf4 a5 34. d4
Qb6 35. Be3 1-0

[Event "XXXI Moglianoscacchi A"]
[Site "Mogliano Veneto ITA"]
[Date "2010.04.30"]
[Round "1"]
[White "Sorbera, Giovanni"]
[Black "Seletsky, Grigory"]
[Result "0-1"]
[WhiteElo "1974"]
[BlackElo "2334"]
[PlyCount "134"]
[EventDate "2010.04.30"]

1. e4 Nf6 2. e5 Nd5 3. d4 d6 4. Nf3 g6 5. c4 Nb6 6. exd6 cxd6 7. Be2 Bg7 8. O-O
O-O 9. h3 Nc6 10. Bg5 h6 11. Bh4 g5 12. Bg3 f5 13. Nc3 f4 14. Bh2 Bf5 15. Qb3
Kh8 16. c5 Nd7 17. Qxb7 Nxd4 18. Nxd4 Bxd4 19. cxd6 exd6 20. Rad1 Nc5 21. Qd5
Be5 22. Rfe1 Qb6 23. Qd2 Rab8 24. b3 a5 25. Kh1 Qb4 26. Nb1 Bxb1 27. Qxb4 axb4
28. Rxb1 Ra8 29. Bg1 Rxa2 30. Bg4 Rfa8 31. f3 Nd3 32. Red1 Nf2+ 33. Bxf2 Rxf2
34. Rf1 Bd4 35. Rxf2 Bxf2 36. Be6 Kg7 37. Rd1 h5 38. Bc4 h4 39. Kh2 Ra2 40. Bd5
Kf6 41. Bc4 Ke7 42. Bd5 Kd7 43. Bc4 Be3 44. Bd5 Kc7 45. Bc4 Kc6 46. Bd5+ Kc5
47. Be4 Bd2 48. Kg1 Kd4 49. Kf1 Ke3 50. Bd5 Ra5 51. Be6 d5 52. Bf7 d4 53. Bg6
d3 54. Be4 Rc5 55. Bg6 Rc2 56. Bf5 Kd4 57. Bg6 Kc3 58. Bf7 Kb2 59. Bg6 Kc3 60.
Bf7 Be3 61. Re1 Rf2+ 62. Kg1 Rxf3+ 63. Kh1 Rf2 64. Bc4 Rb2 65. Rd1 d2 66. g4
hxg3 67. Kg2 Rxb3 0-1

[Event "XXXI Moglianoscacchi A"]
[Site "Mogliano Veneto ITA"]
[Date "2010.04.30"]
[Round "1"]
[White "Xhani, Bujar"]
[Black "Dragojlovic, Andjelko"]
[Result "0-1"]
[WhiteElo "2058"]
[BlackElo "2422"]
[PlyCount "56"]
[EventDate "2010.04.30"]

1. c4 Nf6 2. Nc3 g6 3. g3 Bg7 4. Bg2 c5 5. e4 Nc6 6. Nge2 O-O 7. O-O d6 8. h3
a6 9. d3 Rb8 10. Rb1 b5 11. f4 Nd7 12. b3 Nd4 13. Kh2 Nb6 14. Bb2 e5 15. Nxd4
exd4 16. Ne2 bxc4 17. dxc4 f5 18. Rc1 d3 19. Nc3 Nxc4 20. Ba1 Ne3 21. Qxd3 Nxg2
22. Kxg2 Bb7 23. Kh2 Re8 24. exf5 gxf5 25. Nd5 Qd7 26. Bxg7 Qxg7 27. Rf2 Re4
28. g4 Rd4 0-1

[Event "XXXI Moglianoscacchi A"]
[Site "Mogliano Veneto ITA"]
[Date "2010.05.01"]
[Round "2"]
[White "Boscolo, Federico"]
[Black "Omeri, Silvan"]
[Result "1/2-1/2"]
[WhiteElo "2113"]
[BlackElo "2227"]
[PlyCount "105"]
[EventDate "2010.04.30"]

1. e4 c5 2. Nf3 d6 3. d4 cxd4 4. Nxd4 Nf6 5. Nc3 a6 6. f3 e5 7. Nb3 Be6 8. Be3
Be7 9. Qd2 O-O 10. O-O-O b5 11. g4 Nbd7 12. Rg1 b4 13. Na4 Qb8 14. g5 Nh5 15.
Qf2 a5 16. Rd5 Bxd5 17. exd5 Qb7 18. Bh3 Qb5 19. Bxd7 Qxd7 20. Nb6 Qb7 21. Nxa8
Rxa8 22. Qh4 g6 23. Qc4 a4 24. Nd2 Ra5 25. Qc6 Qxc6 26. dxc6 Ra6 27. Rg4 d5 28.
h4 Rxc6 29. Kd1 Ng7 30. Nf1 Nf5 31. Bd2 Rc4 32. Rxc4 dxc4 33. Ne3 Nxe3+ 34.
Bxe3 Kf8 35. b3 axb3 36. axb3 cxb3 37. cxb3 f5 38. Ke2 Kf7 39. Kd3 Ke6 40. Kc4
f4 41. Bb6 Bd6 42. Bf2 Bf8 43. Bb6 Bg7 44. Bd8 e4 45. fxe4 f3 46. Kd3 Bc3 47.
Ke3 Be1 48. Kxf3 Bxh4 49. Ba5 Bxg5 50. Bxb4 Bd8 51. Bd2 h5 52. Bf4 g5 53. Bxg5
1/2-1/2

[Event "XXXI Moglianoscacchi A"]
[Site "Mogliano Veneto ITA"]
[Date "2010.05.01"]
[Round "2"]
[White "Boscolo, Marco"]
[Black "Castellano, Alfonso"]
[Result "1-0"]
[WhiteElo "2136"]
[BlackElo "1939"]
[PlyCount "131"]
[EventDate "2010.04.30"]

1. d4 Nf6 2. c4 g6 3. Nc3 Bg7 4. e4 d6 5. f3 O-O 6. Be3 Nc6 7. Nge2 e5 8. d5
Ne7 9. Qd2 a6 10. Nc1 Bd7 11. Bd3 Nh5 12. Nb3 Rb8 13. O-O-O b5 14. c5 f5 15.
Kb1 Nf6 16. h3 b4 17. Ne2 Bb5 18. g4 f4 19. Bf2 Bxd3+ 20. Qxd3 Rb5 21. Rc1 Qb8
22. cxd6 cxd6 23. Rc4 Rc8 24. Rhc1 Nd7 25. Rxc8+ Nxc8 26. Rc6 Ncb6 27. Qc2 Bf8
28. Nec1 a5 29. Nd3 a4 30. Nd2 b3 31. Qc1 bxa2+ 32. Kxa2 Qa8 33. Qc2 Qa5 34.
Nc4 Nxc4 35. Rxc4 Rb3 36. Rc3 Rb5 37. Ra3 Rb3 38. Be1 Rxa3+ 39. Kxa3 Qb5 40.
Bf2 Nc5 41. Bxc5 dxc5 42. Ka2 Bd6 43. Qc3 c4 44. Nc1 Qc5 45. Qa3 Qc7 46. Qxa4
c3 47. Qc2 Qa7+ 48. Kb1 cxb2 49. Qxb2 Qe3 50. Qb3 Qf2 51. Qc3 Qb6+ 52. Nb3 Qg1+
53. Kc2 Qf2+ 54. Nd2 Kg7 55. Qd3 Kh6 56. Kd1 Qg1+ 57. Qf1 Qd4 58. Qc4 Qg1+ 59.
Kc2 Qf2 60. Qc3 Qe2 61. h4 Qh2 62. h5 Kg5 63. hxg6 hxg6 64. Qc8 Be7 65. d6 Bf6
66. d7 1-0

[Event "XXXI Moglianoscacchi A"]
[Site "Mogliano Veneto ITA"]
[Date "2010.05.01"]
[Round "2"]
[White "Dragojlovic, Andjelko"]
[Black "Jurkovic, Ante"]
[Result "0-1"]
[WhiteElo "2422"]
[BlackElo "2330"]
[PlyCount "82"]
[EventDate "2010.04.30"]

1. e4 e6 2. d3 c5 3. Nf3 Nc6 4. g3 g6 5. Bg2 Bg7 6. O-O Nge7 7. Re1 d6 8. Nbd2
O-O 9. h4 h6 10. Nf1 f5 11. c3 e5 12. b4 a6 13. a4 cxb4 14. cxb4 f4 15. Bb2
fxg3 16. Qb3+ Kh8 17. Nxg3 Ng8 18. b5 Qb6 19. Rf1 Bg4 20. Nh2 Nf6 21. Kh1 Nd4
22. Bxd4 Qxd4 23. Rac1 axb5 24. Qxb5 Rxa4 25. Qxb7 Ra7 26. Qb3 Re7 27. Rc4 Qa7
28. Qa4 Qb6 29. Qb4 Qd8 30. Rc6 Rd7 31. Kg1 Be6 32. Qb6 Qe7 33. Bf3 h5 34. Rfc1
Ne8 35. Kg2 Qxh4 36. Rh1 Qe7 37. Qe3 Kg8 38. Rd1 Rf4 39. d4 h4 40. Ne2 h3+ 41.
Kh1 41... Rh4 {...} 0-1

[Event "XXXI Moglianoscacchi A"]
[Site "Mogliano Veneto ITA"]
[Date "2010.05.01"]
[Round "2"]
[White "Faini, Marco"]
[Black "Xhani, Bujar"]
[Result "0-1"]
[WhiteElo "1950"]
[BlackElo "2058"]
[PlyCount "68"]
[EventDate "2010.04.30"]

1. c4 c5 2. g3 g6 3. Bg2 Bg7 4. Nc3 Nc6 5. e4 e5 6. d3 d6 7. Nge2 Nge7 8. Be3
Be6 9. Qd2 h5 10. h4 Nd4 11. Bxd4 cxd4 12. Nd5 O-O 13. O-O a6 14. a4 Rb8 15. b4
Kh7 16. a5 Bh6 17. f4 Nxd5 18. cxd5 Bg4 19. Bf3 Qd7 20. Bxg4 Qxg4 21. Qe1 f5
22. exf5 Rxf5 23. Rc1 Rbf8 24. Rc7+ Kg8 25. Kh2 exf4 26. Rc2 fxg3+ 27. Nxg3
Qxh4+ 28. Kg2 Rxf1 29. Qe6+ R1f7 30. Qxg6+ Rg7 31. Qe6+ Kh7 32. Qxd6 Rxg3+ 33.
Qxg3 Rg8 34. Rc7+ Kh8 0-1

[Event "XXXI Moglianoscacchi A"]
[Site "Mogliano Veneto ITA"]
[Date "2010.05.01"]
[Round "2"]
[White "Gallana, Marco"]
[Black "Milazzo, Mario"]
[Result "1-0"]
[WhiteElo "2047"]
[BlackElo "2082"]
[PlyCount "93"]
[EventDate "2010.04.30"]

1. d4 Nf6 2. c4 c5 3. d5 b5 4. Nf3 d6 5. Qc2 g6 6. e4 bxc4 7. Bxc4 Bg7 8. h3
O-O 9. O-O Nbd7 10. Re1 Rb8 11. Na3 Nb6 12. Bf1 Bd7 13. Bd2 Qc7 14. Rac1 Rfc8
15. b3 Qb7 16. Bc3 Ra8 17. Nc4 Nxc4 18. Bxc4 Re8 19. a4 Rab8 20. Rcd1 e5 21.
dxe6 Bxe6 22. Bb5 Red8 23. Ng5 Bxb3 24. Qxb3 a6 25. Qb2 Nh5 26. g4 Bh6 27. gxh5
Bxg5 28. hxg6 hxg6 29. h4 Be7 30. Bh8 Bf8 31. Bf6 Rdc8 32. Bxa6 Qxa6 33. Qc3
Qxa4 34. Qf3 Qb3 35. Rd3 Qe6 36. Red1 c4 37. Rd5 Re8 38. R1d4 Rb1+ 39. Kh2 Rb3
40. Qf4 Qh3+ 41. Kg1 Rf3 42. Qg5 Re6 43. e5 Rf5 44. Qd2 c3 45. Qc1 dxe5 46. Rd8
Rfxf6 47. Qh6 1-0

[Event "XXXI Moglianoscacchi A"]
[Site "Mogliano Veneto ITA"]
[Date "2010.05.01"]
[Round "2"]
[White "Gromovs, Sergejs"]
[Black "Rogulj, Branko"]
[Result "1-0"]
[WhiteElo "2326"]
[BlackElo "2431"]
[PlyCount "75"]
[EventDate "2010.04.30"]

1. d4 Nf6 2. Nf3 g6 3. c4 Bg7 4. Nc3 d5 5. cxd5 Nxd5 6. e4 Nxc3 7. bxc3 O-O 8.
Rb1 c5 9. Be2 Nc6 10. d5 Ne5 11. Nxe5 Bxe5 12. Qd2 e6 13. f4 Bc7 14. O-O exd5
15. exd5 Rb8 16. c4 Bf5 17. Rb3 Ba5 18. Qd1 Re8 19. Bb2 Qe7 20. Rf2 f6 21. g4
Bd7 22. Rg3 b5 23. g5 bxc4 24. gxf6 Qe4 25. Bf1 Qe1 26. Qh5 Rxb2 27. f7+ Kh8
28. fxe8=R+ Qxe8 29. Qe5+ Qxe5 30. fxe5 c3 31. Rxb2 cxb2 32. Rb3 Bc3 33. e6 Ba4
34. Rb7 Bb4 35. Bd3 c4 36. Rxb4 Bd1 37. Rxb2 Kg7 38. Rf2 1-0

[Event "XXXI Moglianoscacchi A"]
[Site "Mogliano Veneto ITA"]
[Date "2010.05.01"]
[Round "2"]
[White "Isatto, Davide"]
[Black "Curtacci, Sergio"]
[Result "1-0"]
[WhiteElo "1928"]
[BlackElo "1997"]
[PlyCount "100"]
[EventDate "2010.04.30"]

1. d4 e6 2. c4 f5 3. g3 Nf6 4. Bg2 d5 5. b3 c6 6. Nf3 Be7 7. O-O O-O 8. Ba3
Bxa3 9. Nxa3 Qe7 10. Nc2 Nbd7 11. e3 b6 12. Nce1 Ba6 13. Rc1 e5 14. dxe5 Nxe5
15. Nxe5 Qxe5 16. Nd3 Qe7 17. cxd5 cxd5 18. Re1 Rad8 19. Nf4 Ne4 20. Qd4 Bb7
21. Rc2 Rd7 22. Rec1 Qd6 23. Rd1 Rfd8 24. Qb2 Qe7 25. Ne2 g6 26. Nd4 Qf6 27.
Qa3 a5 28. Qc1 Nc5 29. a3 Qe7 30. b4 axb4 31. axb4 Ne4 32. Qb2 Ra8 33. Qb3 Kg7
34. Bf1 Nd6 35. Nc6 Qf6 36. Qxd5 Rc8 37. b5 Rcc7 38. Qd4 Ne4 39. Qxd7+ Rxd7 40.
Rxd7+ Kh6 41. Rxb7 Qa1 42. Ra7 Qd1 43. Raa2 Ng5 44. Ne5 Nh3+ 45. Kg2 Ng5 46.
Rd2 Qb1 47. f3 Qb3 48. Kf2 Qe6 49. h4 Qxe5 50. hxg5+ Kh5 1-0

[Event "XXXI Moglianoscacchi A"]
[Site "Mogliano Veneto ITA"]
[Date "2010.05.01"]
[Round "2"]
[White "Lavric, Mihail"]
[Black "Sorbera, Giovanni"]
[Result "1-0"]
[WhiteElo "1965"]
[BlackElo "1974"]
[PlyCount "105"]
[EventDate "2010.04.30"]

1. d4 Nf6 2. c4 c5 3. d5 b5 4. cxb5 a6 5. bxa6 g6 6. Nc3 Bxa6 7. e4 Bxf1 8.
Kxf1 d6 9. Nge2 Bg7 10. Nf4 O-O 11. h4 h5 12. f3 Nbd7 13. g4 Ne5 14. gxh5 gxh5
15. Rg1 Qd7 16. Qe2 Kh7 17. Qh2 Rg8 18. Nh3 e6 19. Ng5+ Kh8 20. Qh3 Rae8 21. a4
Qe7 22. dxe6 fxe6 23. a5 d5 24. f4 Neg4 25. e5 Nh7 26. Rxg4 hxg4 27. Qxg4 Nxg5
28. hxg5 Rgf8 29. Kg2 Qf7 30. g6 Qe7 31. Qh5+ Bh6 32. Qxh6+ Kg8 33. Bd2 Rf5 34.
a6 Ra8 35. Kf3 Qc7 36. Kg4 Qd7 37. Rh1 Qg7 38. Qh7+ Qxh7 39. gxh7+ Kh8 40. Nxd5
Rf7 41. Nf6 Rxa6 42. Bc3 Rg7+ 43. Kf3 Ra8 44. Rd1 Rc8 45. Rd6 Re7 46. Rb6 c4
47. Bb4 Rg7 48. Rxe6 Rg6 49. Bc3 Rh6 50. Ke4 Rh2 51. Re7 Rh6 52. e6 Rf8 53. Be5
1-0

[Event "XXXI Moglianoscacchi A"]
[Site "Mogliano Veneto ITA"]
[Date "2009.05.01"]
[Round "2"]
[White "Mileto, Gabriele"]
[Black "Laketic, Gojko"]
[Result "0-1"]
[WhiteElo "2204"]
[BlackElo "2457"]
[PlyCount "52"]
[EventDate "2010.04.30"]

1. c4 d6 2. d4 e5 3. g3 Nd7 4. Bg2 g6 5. Nf3 Bg7 6. Nc3 Ngf6 7. O-O O-O 8. Qc2
a6 9. Rd1 Re8 10. b3 c6 11. dxe5 dxe5 12. Bb2 Qc7 13. Qd2 h6 14. Rac1 e4 15.
Ne1 e3 16. fxe3 Nc5 17. Nd3 Ne6 18. e4 Ng4 19. e3 Nxe3 20. Re1 Nxg2 21. Kxg2
Ng5 22. h4 Bh3+ 23. Kf2 Bd4+ 24. Re3 Nxe4+ 25. Nxe4 Rxe4 26. Bxd4 26... Rxd4 {
...} 0-1

[Event "XXXI Moglianoscacchi A"]
[Site "Mogliano Veneto ITA"]
[Date "2010.05.01"]
[Round "2"]
[White "Quaranta, Cristiano"]
[Black "Klundt, Klaus"]
[Result "0-1"]
[WhiteElo "2162"]
[BlackElo "2353"]
[PlyCount "44"]
[EventDate "2010.04.30"]

1. d4 d5 2. c4 c6 3. Nf3 Nf6 4. e3 e6 5. b3 Nbd7 6. Bb2 Ne4 7. Bd3 Bd6 8. O-O
O-O 9. Qc2 f5 10. Ba3 Bxa3 11. Nxa3 Qe7 12. Qb2 b6 13. Rac1 Bb7 14. b4 Rac8 15.
b5 c5 16. cxd5 exd5 17. dxc5 bxc5 18. Nb1 f4 19. Nbd2 c4 20. Bxe4 dxe4 21. Nd4
Ne5 22. Rc3 f3 0-1

[Event "XXXI Moglianoscacchi A"]
[Site "Mogliano Veneto ITA"]
[Date "2010.05.01"]
[Round "2"]
[White "Seletsky, Grigory"]
[Black "Meijers, Viesturs"]
[Result "0-1"]
[WhiteElo "2334"]
[BlackElo "2476"]
[PlyCount "80"]
[EventDate "2010.04.30"]

1. e4 c5 2. Nf3 b6 3. d4 cxd4 4. Nxd4 Bb7 5. Nc3 a6 6. Bd3 d6 7. O-O Nd7 8. Qe2
g6 9. f4 Bg7 10. Nf3 b5 11. Bd2 Ngf6 12. Rae1 Nc5 13. a3 O-O 14. Kh1 Rc8 15. f5
Nfd7 16. Qf2 e6 17. Qg3 Ne5 18. Qh3 exf5 19. Bh6 Nxf3 20. gxf3 fxe4 21. Bxe4
Nxe4 22. Nxe4 Bxe4 23. Rxe4 Rxc2 24. Bxg7 Kxg7 25. Rh4 Rh8 26. b4 h5 27. Rg1
Qf6 28. Qg3 Rc4 29. Re4 Rxe4 30. fxe4 Re8 31. Re1 h4 32. Qd3 Re5 33. Rf1 Qe6
34. Rf4 g5 35. Rf5 Rxf5 36. exf5 Qe5 37. Kg2 Kf6 38. Kg1 d5 39. Qf3 Qe1+ 40.
Kg2 Qe4 0-1

[Event "XXXI Moglianoscacchi A"]
[Site "Mogliano Veneto ITA"]
[Date "2010.05.01"]
[Round "3"]
[White "Castellano, Alfonso"]
[Black "Isatto, Davide"]
[Result "1/2-1/2"]
[WhiteElo "1939"]
[BlackElo "1928"]
[PlyCount "39"]
[EventDate "2010.04.30"]

1. c4 e5 2. g3 Nc6 3. Bg2 g6 4. Nc3 Bg7 5. e4 Nge7 6. Nge2 d6 7. d3 O-O 8. O-O
f5 9. Nd5 h6 10. f4 Nd4 11. Nxd4 exd4 12. Nxe7+ Qxe7 13. exf5 gxf5 14. Re1 Qf6
15. Bd2 c6 16. Qe2 Bd7 17. Qe7 Rad8 18. Bb4 Bc8 19. Bf3 Rf7 20. Qe2 {...}
1/2-1/2

[Event "XXXI Moglianoscacchi A"]
[Site "Mogliano Veneto ITA"]
[Date "2010.05.01"]
[Round "3"]
[White "Curtacci, Sergio"]
[Black "Faini, Marco"]
[Result "1-0"]
[WhiteElo "1997"]
[BlackElo "1950"]
[PlyCount "107"]
[EventDate "2010.04.30"]

1. d4 Nf6 2. Nf3 d6 3. Nbd2 g6 4. e4 Bg7 5. c3 Nbd7 6. Bd3 O-O 7. O-O e5 8. Re1
Re8 9. Qc2 a5 10. a4 b6 11. Nc4 Bb7 12. dxe5 Nxe5 13. Nfxe5 dxe5 14. Bg5 Qe7
15. Rab1 h6 16. Bh4 Qe6 17. f3 Ba6 18. Qe2 Bb7 19. Bf2 Red8 20. Na3 Bc6 21. Nb5
Rd7 22. Bc4 Qe7 23. Rbd1 Bxb5 24. Bxb5 Rxd1 25. Rxd1 Rd8 26. Be3 Ne8 27. g3 Nd6
28. Bc6 Ne8 29. Kg2 Nf6 30. Rd2 Bf8 31. Qd1 Rxd2+ 32. Qxd2 Kh7 33. Qd3 Qd6 34.
Qxd6 Bxd6 35. h3 h5 36. f4 Kg7 37. Kf3 Ng8 38. Bd2 Ne7 39. Bb5 c5 40. Bd7 Ng8
41. Ke2 Kf8 42. Kd3 Ke7 43. Bc6 f6 44. Bd5 exf4 45. gxf4 Nh6 46. Kc4 f5 47. e5
Bc7 48. Be1 Nf7 49. Bxf7 Kxf7 50. Kd5 Ke7 51. Kc6 Kd8 52. Bh4+ Kc8 53. e6 Bd8
54. e7 1-0

[Event "XXXI Moglianoscacchi A"]
[Site "Mogliano Veneto ITA"]
[Date "2010.05.01"]
[Round "3"]
[White "Franciosi, Fausto"]
[Black "Dragojlovic, Andjelko"]
[Result "1/2-1/2"]
[WhiteElo "1964"]
[BlackElo "2422"]
[PlyCount "56"]
[EventDate "2010.04.30"]

1. e4 c5 2. Nf3 g6 3. d3 Bg7 4. g3 Nc6 5. Bg2 Nf6 6. O-O d5 7. Nbd2 O-O 8. Re1
e5 9. c3 b6 10. exd5 Nxd5 11. Nc4 Re8 12. d4 cxd4 13. cxd4 e4 14. Nfe5 Nxe5 15.
dxe5 Ba6 16. Rxe4 Bxc4 17. Rxc4 Rxe5 18. Bf4 Nxf4 19. gxf4 Re8 20. Bxa8 Qxa8
21. Rc7 Qe4 22. Qd7 Rf8 23. Qd2 Bh6 24. Re1 Qf5 25. Rc4 Qg4+ 26. Kh1 Qf3+ 27.
Kg1 Qg4+ 28. Kh1 Qf3+ 1/2-1/2

[Event "XXXI Moglianoscacchi A"]
[Site "Mogliano Veneto ITA"]
[Date "2010.05.01"]
[Round "3"]
[White "Kizov, Atanas"]
[Black "Boscolo, Federico"]
[Result "1-0"]
[WhiteElo "2398"]
[BlackElo "2113"]
[PlyCount "67"]
[EventDate "2010.04.30"]

1. d4 Nf6 2. c4 g6 3. Nc3 Bg7 4. e4 d6 5. Nf3 O-O 6. h3 e5 7. dxe5 dxe5 8. Be3
Nbd7 9. c5 c6 10. b4 Qe7 11. a3 a5 12. Rb1 axb4 13. axb4 Nh5 14. Qb3 Nf4 15. g3
Nf6 16. Rd1 Re8 17. Qb2 b6 18. cxb6 Ba6 19. Bc5 Qb7 20. gxf4 exf4 21. e5 Bxf1
22. Kxf1 Nd7 23. Ne4 Nxe5 24. Nxe5 Rxe5 25. Qc2 Qa6+ 26. Kg2 Qa3 27. f3 f5 28.
Nf2 Rae8 29. Qd3 Qa2 30. Rd2 Qe6 31. Qd6 Qxd6 32. Rxd6 Re2 33. Rhd1 Rb2 34. Rd8
1-0

[Event "XXXI Moglianoscacchi A"]
[Site "Mogliano Veneto ITA"]
[Date "2010.05.01"]
[Round "3"]
[White "Klundt, Klaus"]
[Black "Jurkovic, Ante"]
[Result "1-0"]
[WhiteElo "2353"]
[BlackElo "2330"]
[PlyCount "109"]
[EventDate "2010.04.30"]

1. e4 d6 2. d4 Nf6 3. Nc3 e5 4. Nf3 Nbd7 5. Bc4 Be7 6. O-O O-O 7. Re1 a6 8. a4
b6 9. b3 Bb7 10. Bb2 c6 11. d5 Qc7 12. dxc6 Bxc6 13. Nd5 Nxd5 14. exd5 Bb7 15.
Nd4 Rfe8 16. Nf5 Bf8 17. f4 g6 18. Qg4 exf4 19. Qxf4 Ne5 20. Nh6+ Bxh6 21. Qxh6
f6 22. Qf4 Kg7 23. Bd4 Rab8 24. Re3 Rf8 25. Rf1 Rbe8 26. h3 Bc8 27. Qf2 Qb7 28.
Qe2 Re7 29. c3 Rfe8 30. Kh1 Rf8 31. Re1 Ref7 32. Kh2 h5 33. Rf1 Rh8 34. Rg3 h4
35. Re3 Rh5 36. Re4 b5 37. axb5 axb5 38. Bxb5 Qxd5 39. Bc4 Nxc4 40. bxc4 Qg5
41. Re7 Qg3+ 42. Kg1 Rf5 43. Ra1 Re5 44. Rxf7+ Kxf7 45. Bxe5 fxe5 46. Ra7+ Ke6
47. Qd2 Kf5 48. c5 g5 49. Rc7 Be6 50. Qf2+ Ke4 51. Rc6 Qxf2+ 52. Kxf2 Kf5 53.
Rxd6 e4 54. c6 Ke5 55. Rd8 1-0